00683nam a2200169 a 450000100100000000500170001000800410002704000250006808200140009311101260010724500620023326000510029530000200034604900090036695201210037599900170049600002867320200930055053.0110411s1979 dr 000 0 spa d aDO-SdBNPbspacBNPHU axxxbC7491 aCongreso nacional central general de trabajadores-CGTn(1:d1979: 30, 31 de marzo y 1ro. de abrilcSanto Domingo )95564910aPrimer congreso nacional central general de trabajadores. aSanto Domingo :bEditora Alfa y Omegoa,c1979. a71 p. ;c22 cm. aBNPD 001054708PDaPDbPDcCTd2011-04-11iLF1l0oxxx C749p28673-10r2020-06-25w2020-06-25yLFPDZPréstamo en sala c28165d28165